[Event "World Chess Olympiad 2018"]
[Site "Batumi"]
[Date "2018.09.27"]
[Round "4"]
[Board "4"]
[WhiteFideId "19601441"]
[White "Mohamed Abderrahim Taleb Mohamed"]
[BlackFideId "7700148"]
[Black "Merritt Mario"]
[Result "0-1"]
[LiveChessVersion "1.4.8"]
[BlackElo "2175"]
[WhiteElo "1776"]

1. e4 {[%clk 1:30:49]} c5 {[%clk 1:30:54]} 2. Nf3 {[%clk 1:31:04]} d6
{[%clk 1:31:18]} 3. d4 {[%clk 1:30:41]} cxd4 {[%clk 1:31:44]} 4. Nxd4
{[%clk 1:31:00]} Nf6 {[%clk 1:32:09]} 5. Nc3 {[%clk 1:30:38]} a6 {[%clk 1:32:33]}
6. Be3 {[%clk 1:29:03]} e5 {[%clk 1:32:51]} 7. Nf3 {[%clk 1:26:28]} Be7
{[%clk 1:32:00]} 8. Bc4 {[%clk 1:23:36]} Be6 {[%clk 1:31:02]} 9. Bxe6
{[%clk 1:19:47]} fxe6 {[%clk 1:31:23]} 10. O-O {[%clk 1:18:21]} b5
{[%clk 1:28:46]} 11. a3 {[%clk 1:16:13]} O-O {[%clk 1:26:13]} 12. Qe2
{[%clk 1:13:24]} Nc6 {[%clk 1:23:44]} 13. Rad1 {[%clk 1:11:05]} Qc8
{[%clk 1:23:13]} 14. Rd3 {[%clk 1:07:12]} Rb8 {[%clk 1:19:35]} 15. b4
{[%clk 1:02:59]} Rb7 {[%clk 1:08:30]} 16. Rfd1 {[%clk 0:59:14]} Nd8
{[%clk 1:08:08]} 17. Bg5 {[%clk 0:50:14]} Rc7 {[%clk 1:06:55]} 18. Bxf6
{[%clk 0:49:02]} Rxf6 {[%clk 1:07:14]} 19. Qd2 {[%clk 0:46:28]} Nf7
{[%clk 1:02:18]} 20. Ne2 {[%clk 0:38:52]} Rxc2 {[%clk 1:01:38]} 21. Qe3
{[%clk 0:35:17]} Rc6 {[%clk 0:47:05]} 22. Rc3 {[%clk 0:28:04]} Rxc3
{[%clk 0:46:51]} 23. Nxc3 {[%clk 0:28:18]} Qb7 {[%clk 0:43:27]} 24. Ne2
{[%clk 0:21:19]} Bd8 {[%clk 0:37:38]} 25. Ng3 {[%clk 0:18:41]} Bb6
{[%clk 0:37:36]} 26. Qd2 {[%clk 0:16:40]} g6 {[%clk 0:33:05]} 27. Qc1
{[%clk 0:15:05]} Rf4 {[%clk 0:25:35]} 28. Qc2 {[%clk 0:12:00]} d5
{[%clk 0:14:44]} 29. Rc1 {[%clk 0:08:04]} dxe4 {[%clk 0:14:21]} 30. Qc8+
{[%clk 0:07:01]} Qxc8 {[%clk 0:14:42]} 31. Rxc8+ {[%clk 0:07:25]} Kg7
{[%clk 0:14:57]} 32. Rc6 {[%clk 0:07:12]} Bxf2+ {[%clk 0:09:00]} 33. Kxf2
{[%clk 0:07:12]} exf3 {[%clk 0:08:58]} 34. gxf3 {[%clk 0:07:40]} Ng5
{[%clk 0:09:06]} 35. Rxa6 {[%clk 0:07:12]} Rxf3+ {[%clk 0:09:00]} 36. Kg2
{[%clk 0:07:22]} Rb3 {[%clk 0:08:11]} 37. Ne2 {[%clk 0:05:57]} Kf6
{[%clk 0:07:51]} 38. Ra5 {[%clk 0:04:41]} Nf3 {[%clk 0:05:33]} 39. Nc1
{[%clk 0:03:51]} Nh4+ {[%clk 0:04:03]} 40. Kf2 {[%clk 0:34:17]} Rh3
{[%clk 0:33:45]} 41. Rxb5 {[%clk 0:27:23]} Rxa3 {[%clk 0:34:03]} 42. Rb8
{[%clk 0:23:46]} Nf5 {[%clk 0:31:00]} 43. b5 {[%clk 0:19:50]} Rc3
{[%clk 0:19:00]} 44. b6 {[%clk 0:13:04]} Nd6 {[%clk 0:17:58]} 45. b7
{[%clk 0:08:58]} Nxb7 {[%clk 0:17:48]} 46. Rxb7 {[%clk 0:09:16]} Rxc1
{[%clk 0:18:13]} 47. Rxh7 {[%clk 0:09:44]} Rc3 {[%clk 0:17:53]} 48. Ke2
{[%clk 0:07:37]} e4 {[%clk 0:17:56]} 49. Rh4 {[%clk 0:06:28]} Kf5
{[%clk 0:18:11]} 50. Rh8 {[%clk 0:05:22]} Rf3 {[%clk 0:10:44]} 51. Rf8+
{[%clk 0:03:42]} Kg5 {[%clk 0:07:19]} 52. Rh8 {[%clk 0:02:12]} Ra3
{[%clk 0:06:58]} 53. Rh7 {[%clk 0:02:00]} Kg4 {[%clk 0:06:54]} 54. Rh6
{[%clk 0:02:02]} Kf5 {[%clk 0:07:02]} 55. Rh7 {[%clk 0:01:37]} g5
{[%clk 0:07:14]} 56. h3 {[%clk 0:01:05]} Kg6 {[%clk 0:05:37]} 57. Rh8
{[%clk 0:01:16]} Rf3 {[%clk 0:04:53]} 58. h4 {[%clk 0:01:36]} g4 {[%clk 0:04:31]}
59. h5+ {[%clk 0:01:20]} Kg7 {[%clk 0:04:27]} 60. Re8 {[%clk 0:01:45]} Rf6
{[%clk 0:04:46]} 61. h6+ {[%clk 0:01:37]} Kxh6 {[%clk 0:05:05]} 62. Rh8+
{[%clk 0:01:28]} Kg5 {[%clk 0:05:28]} 63. Rh1 {[%clk 0:01:49]} Rf3
{[%clk 0:05:23]} 64. Rh8 {[%clk 0:02:12]} g3 {[%clk 0:04:32]} 0-1

[Event "World Chess Olympiad 2018"]
[Site "Batumi"]
[Date "2018.09.27"]
[Round "4"]
[Board "1"]
[WhiteFideId "14306310"]
[White "Degondo Simplice Armel"]
[BlackFideId "19800029"]
[Black "Traore Bakary"]
[Result "1/2-1/2"]
[LiveChessVersion "1.4.8"]
[BlackElo "2169"]
[WhiteElo "2138"]

1. c4 {[%clk 1:30:57]} Nf6 {[%clk 1:30:44]} 2. Nc3 {[%clk 1:31:26]} g6
{[%clk 1:31:03]} 3. e4 {[%clk 1:31:54]} d6 {[%clk 1:31:18]} 4. d4
{[%clk 1:32:23]} Bg7 {[%clk 1:31:40]} 5. f3 {[%clk 1:32:51]} O-O {[%clk 1:31:54]}
6. Bg5 {[%clk 1:33:19]} Nbd7 {[%clk 1:30:17]} 7. Qd2 {[%clk 1:33:46]} c6
{[%clk 1:28:41]} 8. g4 {[%clk 1:33:48]} a6 {[%clk 1:28:16]} 9. h4
{[%clk 1:34:01]} b5 {[%clk 1:26:30]} 10. h5 {[%clk 1:34:11]} Nb6 {[%clk 1:25:01]}
11. hxg6 {[%clk 1:32:39]} fxg6 {[%clk 1:24:48]} 12. cxb5 {[%clk 1:33:03]} axb5
{[%clk 1:24:38]} 13. Qh2 {[%clk 1:33:27]} Nbd7 {[%clk 1:24:04]} 14. e5
{[%clk 1:31:55]} dxe5 15. dxe5 Nxe5 {[%clk 1:21:40]} 16. Qxe5 {[%clk 1:27:06]}
Nd5 {[%clk 1:21:16]} 17. Qh2 {[%clk 1:26:58]} Nxc3 {[%clk 1:20:39]} 18. Qxh7+
{[%clk 1:20:35]} Kf7 {[%clk 1:20:49]} 19. Bh6 {[%clk 1:21:01]} Rg8
{[%clk 1:20:13]} 20. bxc3 {[%clk 1:21:24]} Qd6 {[%clk 1:19:38]} 21. Ne2
{[%clk 1:21:13]} Be6 {[%clk 1:18:21]} 22. Bxg7 {[%clk 1:21:37]} Rxg7
{[%clk 1:17:27]} 23. Qh2 {[%clk 1:22:06]} Qa3 {[%clk 1:14:08]} 24. Qf4+
{[%clk 1:12:45]} Kg8 {[%clk 1:14:00]} 25. Qc1 {[%clk 1:13:12]} Qc5
{[%clk 1:13:55]} 26. Nf4 {[%clk 1:03:14]} Qe5+ {[%clk 1:10:30]} 27. Be2
{[%clk 1:03:35]} Bc4 {[%clk 1:09:14]} 28. Kf2 {[%clk 1:03:14]} Rf8
{[%clk 1:07:48]} 29. Bxc4+ {[%clk 1:03:19]} bxc4 {[%clk 1:07:42]} 30. Qe3
{[%clk 0:49:20]} Qxf4 {[%clk 1:07:27]} 31. Qxf4 {[%clk 0:46:45]} Rxf4
{[%clk 1:07:53]} 32. Ke3 {[%clk 0:47:03]} Rgf7 {[%clk 1:08:00]} 33. Rh3
{[%clk 0:47:23]} e5 {[%clk 1:08:19]} 34. a4 {[%clk 0:46:26]} Rd7 {[%clk 1:08:45]}
35. a5 {[%clk 0:43:27]} Rd3+ {[%clk 1:09:13]} 36. Ke2 {[%clk 0:43:46]} e4
{[%clk 1:09:37]} 37. a6 {[%clk 0:43:27]} exf3+ {[%clk 1:10:05]} 38. Kf2
{[%clk 0:43:32]} Rf8 {[%clk 1:09:40]} 39. a7 {[%clk 0:44:01]} Rd2+
{[%clk 1:09:39]} 40. Ke3 {[%clk 0:29:23]} Rd3+ {[%clk 1:07:54]} 41. Ke4
{[%clk 0:59:31]} Rdd8 {[%clk 1:38:19]} 42. a8=Q {[%clk 0:49:39]} Rfe8+
{[%clk 1:34:37]} 43. Kxf3 {[%clk 0:47:04]} Rxa8 {[%clk 1:33:58]} 44. Rxa8
{[%clk 0:47:28]} Rxa8 {[%clk 1:33:55]} 45. Ke4 {[%clk 0:47:41]} Rd8
{[%clk 1:33:34]} 46. Rf3 {[%clk 0:47:34]} Kg7 {[%clk 1:33:47]} 47. g5
{[%clk 0:44:01]} Rd5 {[%clk 1:33:35]} 48. Rf6 {[%clk 0:40:32]} Rxg5
{[%clk 1:32:56]} 49. Rxc6 {[%clk 0:41:00]} Rg4+ {[%clk 1:32:31]} 50. Kd5
{[%clk 0:38:26]} g5 {[%clk 1:32:16]} 51. Rxc4 {[%clk 0:38:34]} Rxc4
{[%clk 1:32:13]} 52. Kxc4 {[%clk 0:39:01]} Kf6 {[%clk 1:28:31]} 53. Kd3
{[%clk 0:38:18]} Ke5 {[%clk 1:28:51]} 1/2-1/2

[Event "World Chess Olympiad 2018"]
[Site "Batumi"]
[Date "2018.09.27"]
[Round "4"]
[Board "2"]
[WhiteFideId "19800380"]
[White "Maiga Baba Moulaye Abdalla"]
[BlackFideId "20800088"]
[Black "Ble Kouko Hubert"]
[Result "0-1"]
[LiveChessVersion "1.4.8"]
[BlackElo "1829"]
[WhiteElo "1978"]

1. e4 {[%clk 1:30:53]} e5 {[%clk 1:30:46]} 2. Nf3 {[%clk 1:31:18]} Nc6
{[%clk 1:31:06]} 3. d4 {[%clk 1:31:27]} exd4 {[%clk 1:31:23]} 4. Nxd4
{[%clk 1:31:44]} Bc5 {[%clk 1:31:44]} 5. Be3 {[%clk 1:30:20]} Qf6
{[%clk 1:32:01]} 6. c3 {[%clk 1:30:18]} Nge7 {[%clk 1:32:00]} 7. Bd3
{[%clk 1:30:09]} d6 {[%clk 1:31:30]} 8. Bc2 {[%clk 1:29:32]} O-O {[%clk 1:29:20]}
9. O-O {[%clk 1:29:41]} Ne5 {[%clk 1:27:07]} 10. Nd2 {[%clk 1:26:01]} Bg4
{[%clk 1:14:02]} 11. f3 {[%clk 1:25:07]} Be6 {[%clk 1:14:03]} 12. b3
{[%clk 1:23:57]} Bb6 {[%clk 1:09:21]} 13. Qe1 {[%clk 1:23:28]} c5
{[%clk 1:01:29]} 14. Nxe6 {[%clk 1:21:27]} fxe6 {[%clk 1:01:19]} 15. f4
{[%clk 1:18:31]} Ng4 {[%clk 1:01:34]} 16. c4 {[%clk 1:16:20]} Qc3
{[%clk 1:00:33]} 17. h3 {[%clk 1:12:55]} Nxe3 {[%clk 0:53:46]} 18. Rf3
{[%clk 1:12:06]} Nxc2 {[%clk 0:53:57]} 19. Rxc3 {[%clk 1:11:58]} Nxe1
{[%clk 0:54:25]} 20. Rxe1 {[%clk 1:12:25]} Rxf4 {[%clk 0:54:18]} 21. Rd3
{[%clk 1:11:44]} Rd8 {[%clk 0:52:20]} 22. g3 {[%clk 1:11:32]} Rf7
{[%clk 0:51:43]} 23. Kg2 {[%clk 1:11:45]} Nc6 {[%clk 0:51:47]} 24. Rf3
{[%clk 1:10:29]} Nd4 {[%clk 0:47:47]} 25. Rxf7 {[%clk 1:09:51]} Kxf7
{[%clk 0:48:09]} 26. Rf1+ {[%clk 1:10:09]} Ke7 {[%clk 0:48:27]} 27. Rf2
{[%clk 1:09:06]} a6 {[%clk 0:46:37]} 28. Nf1 {[%clk 1:08:25]} Rf8
{[%clk 0:45:31]} 29. Ne3 {[%clk 1:02:46]} Ba7 {[%clk 0:43:39]} 30. g4
{[%clk 1:02:14]} g5 {[%clk 0:43:33]} 31. Rd2 {[%clk 1:00:10]} Rf4
{[%clk 0:43:19]} 32. e5 {[%clk 1:00:05]} dxe5 {[%clk 0:43:04]} 33. Nf1
{[%clk 0:58:49]} e4 {[%clk 0:42:54]} 34. Ng3 {[%clk 0:58:41]} Bb8
{[%clk 0:42:43]} 35. Ne2 {[%clk 0:45:09]} e3 0-1

[Event "World Chess Olympiad 2018"]
[Site "Batumi"]
[Date "2018.09.27"]
[Round "4"]
[Board "3"]
[WhiteFideId "21200203"]
[White "Kouya Tyeoulou Bernardin Franklin"]
[BlackFideId "19800061"]
[Black "Toure Amadou"]
[Result "0-1"]
[LiveChessVersion "1.4.8"]
[BlackElo "1859"]
[WhiteElo "1753"]

1. d4 {[%clk 1:30:46]} d5 {[%clk 1:30:54]} 2. Nf3 {[%clk 1:31:04]} Nf6
{[%clk 1:30:47]} 3. c3 {[%clk 1:31:16]} e6 {[%clk 1:30:14]} 4. Bg5
{[%clk 1:31:29]} Be7 {[%clk 1:30:41]} 5. Nbd2 {[%clk 1:31:42]} O-O
{[%clk 1:30:31]} 6. e3 {[%clk 1:32:05]} Nbd7 {[%clk 1:30:37]} 7. Bd3
{[%clk 1:32:15]} c5 {[%clk 1:29:09]} 8. Qe2 {[%clk 1:32:22]} c4 {[%clk 1:27:59]}
9. Bc2 {[%clk 1:32:39]} b5 {[%clk 1:25:18]} 10. e4 {[%clk 1:32:21]} h6
{[%clk 1:20:48]} 11. Bh4 {[%clk 1:31:58]} a5 {[%clk 1:17:32]} 12. O-O
{[%clk 1:32:10]} Re8 {[%clk 1:14:03]} 13. Rfe1 {[%clk 1:31:53]} Bb7
{[%clk 1:13:47]} 14. e5 {[%clk 1:31:55]} Nh7 {[%clk 1:13:41]} 15. Bxe7
{[%clk 1:27:45]} Qxe7 {[%clk 1:13:27]} 16. h3 {[%clk 1:27:46]} b4
{[%clk 1:11:15]} 17. Qe3 {[%clk 1:27:53]} a4 {[%clk 1:10:17]} 18. Nh2
{[%clk 1:25:45]} b3 {[%clk 1:05:38]} 19. Bxh7+ {[%clk 1:25:47]} Kxh7
{[%clk 1:06:04]} 20. a3 {[%clk 1:25:54]} Nf8 {[%clk 1:05:18]} 21. f4
{[%clk 1:25:55]} Rad8 {[%clk 1:01:02]} 22. Rf1 {[%clk 1:25:32]} Bc8
{[%clk 1:00:55]} 23. g4 {[%clk 1:22:53]} Kg8 {[%clk 0:53:51]} 24. Qg3
{[%clk 1:18:10]} Nh7 {[%clk 0:51:00]} 25. Rf2 {[%clk 1:17:26]} Rf8
{[%clk 0:49:16]} 26. Rg2 {[%clk 1:15:36]} f6 {[%clk 0:44:24]} 27. Nhf3
{[%clk 1:15:23]} g5 {[%clk 0:38:31]} 28. exf6 {[%clk 1:10:45]} Qxf6
{[%clk 0:36:54]} 29. fxg5 {[%clk 1:11:03]} Nxg5 {[%clk 0:35:20]} 30. Nxg5
{[%clk 1:11:13]} Qxg5 {[%clk 0:35:06]} 31. Nf3 {[%clk 1:11:31]} Qe3+
{[%clk 0:34:30]} 32. Rf2 {[%clk 1:09:07]} Rf6 {[%clk 0:35:39]} 33. Re1
{[%clk 1:09:06]} Qd3 {[%clk 0:35:20]} 34. Kg2 {[%clk 1:06:24]} Rdf8
{[%clk 0:32:55]} 35. Ref1 {[%clk 1:06:36]} Qe4 {[%clk 0:29:46]} 36. Qe5
{[%clk 1:06:06]} Qd3 {[%clk 0:27:22]} 37. Qe1 {[%clk 1:04:08]} Bd7
{[%clk 0:22:59]} 38. Ne5 {[%clk 1:03:52]} Rxf2+ {[%clk 0:22:56]} 39. Rxf2
{[%clk 1:04:09]} Rxf2+ {[%clk 0:22:56]} 40. Qxf2 {[%clk 1:32:55]} Qe4+
{[%clk 0:53:00]} 41. Kg3 {[%clk 1:33:14]} Be8 {[%clk 0:51:17]} 42. Qd2
{[%clk 1:29:53]} Kg7 {[%clk 0:50:00]} 43. h4 {[%clk 1:29:38]} Qc2
{[%clk 0:45:46]} 44. Nf3 {[%clk 1:29:30]} Bg6 {[%clk 0:45:05]} 45. Qf2
{[%clk 1:29:40]} Qd3 {[%clk 0:44:22]} 46. Kh2 {[%clk 1:28:40]} Qc2
{[%clk 0:41:11]} 47. Kg3 {[%clk 1:28:51]} Qd3 {[%clk 0:40:50]} 48. Qd2
{[%clk 1:29:04]} Qc2 {[%clk 0:37:17]} 49. Kf2 {[%clk 1:27:51]} Be4
{[%clk 0:33:19]} 50. Kg3 {[%clk 1:25:10]} Bxf3 {[%clk 0:31:03]} 51. Qf4
{[%clk 1:25:25]} Qg2# {[%clk 0:30:54]} 0-1

[Event "World Chess Olympiad 2018"]
[Site "Batumi"]
[Date "2018.09.27"]
[Round "4"]
[Board "1"]
[WhiteFideId "6001238"]
[White "Lam Daniel King Wai"]
[BlackFideId "6800068"]
[Black "McTigue James"]
[Result "1-0"]
[LiveChessVersion "1.4.8"]
[BlackElo "2116"]
[WhiteElo "2145"]

1. e4 {[%clk 1:30:56]} e6 {[%clk 1:30:51]} 2. d4 {[%clk 1:31:20]} d5
{[%clk 1:31:16]} 3. e5 {[%clk 1:31:42]} c5 {[%clk 1:31:36]} 4. c3
{[%clk 1:32:10]} Nc6 {[%clk 1:31:47]} 5. Nf3 {[%clk 1:32:34]} Bd7
{[%clk 1:31:52]} 6. Be2 {[%clk 1:32:55]} Rc8 {[%clk 1:29:26]} 7. O-O
{[%clk 1:31:35]} Qb6 {[%clk 1:25:30]} 8. a3 {[%clk 1:25:37]} f6 {[%clk 1:12:42]}
9. b4 {[%clk 1:22:18]} cxd4 {[%clk 1:11:43]} 10. cxd4 {[%clk 1:22:46]} fxe5
{[%clk 1:07:56]} 11. dxe5 {[%clk 1:22:32]} Nge7 {[%clk 1:02:00]} 12. Bf4
{[%clk 1:16:34]} Ng6 {[%clk 0:52:39]} 13. Bg3 {[%clk 1:16:20]} Be7
{[%clk 0:47:28]} 14. Re1 {[%clk 0:58:58]} O-O {[%clk 0:47:22]} 15. Bf1
{[%clk 0:53:58]} a6 {[%clk 0:44:43]} 16. Nbd2 {[%clk 0:50:32]} Na7
{[%clk 0:43:31]} 17. Nb3 {[%clk 0:45:09]} Bb5 {[%clk 0:41:47]} 18. Qd4
{[%clk 0:42:42]} Qxd4 {[%clk 0:36:28]} 19. Nfxd4 {[%clk 0:41:41]} Bd7
{[%clk 0:35:31]} 20. Rac1 {[%clk 0:33:05]} Rxc1 {[%clk 0:32:53]} 21. Rxc1
{[%clk 0:33:13]} Rc8 {[%clk 0:32:28]} 22. Rxc8+ {[%clk 0:27:50]} Bxc8
{[%clk 0:30:56]} 23. Be2 {[%clk 0:25:36]} Kf7 {[%clk 0:27:26]} 24. f4
{[%clk 0:25:26]} Nf8 {[%clk 0:26:03]} 25. Bf2 {[%clk 0:24:56]} Nc6
{[%clk 0:23:39]} 26. Nxc6 {[%clk 0:23:21]} bxc6 {[%clk 0:24:07]} 27. Na5
{[%clk 0:22:51]} g5 {[%clk 0:19:46]} 28. Nxc6 {[%clk 0:22:08]} gxf4
{[%clk 0:19:31]} 29. Nxe7 {[%clk 0:22:33]} Kxe7 {[%clk 0:19:52]} 30. Bc5+
{[%clk 0:23:01]} Kf7 {[%clk 0:19:43]} 31. Bxf8 {[%clk 0:23:25]} Kxf8
{[%clk 0:19:45]} 32. Kf2 {[%clk 0:23:35]} d4 {[%clk 0:12:12]} 33. Kf3
{[%clk 0:23:04]} Bb7+ {[%clk 0:12:35]} 34. Kxf4 {[%clk 0:23:21]} Bxg2
{[%clk 0:12:55]} 35. Bxa6 {[%clk 0:23:42]} Ke7 {[%clk 0:11:19]} 36. Be2
{[%clk 0:21:50]} Kd7 {[%clk 0:07:56]} 37. Bf3 {[%clk 0:21:57]} Bf1
{[%clk 0:07:47]} 38. Ke4 {[%clk 0:22:17]} d3 {[%clk 0:02:20]} 1-0

[Event "World Chess Olympiad 2018"]
[Site "Batumi"]
[Date "2018.09.27"]
[Round "4"]
[Board "2"]
[WhiteFideId "2402076"]
[White "Dempsey John"]
[BlackFideId "6001890"]
[Black "Pang Yui Kuen"]
[Result "0-1"]
[LiveChessVersion "1.4.8"]
[BlackElo "1981"]
[WhiteElo "1888"]

1. e4 {[%clk 1:30:57]} e6 {[%clk 1:29:41]} 2. d4 {[%clk 1:31:24]} b6
{[%clk 1:30:05]} 3. Nf3 {[%clk 1:30:26]} Bb7 {[%clk 1:30:26]} 4. Bd3
{[%clk 1:30:46]} Nf6 {[%clk 1:29:37]} 5. Qe2 {[%clk 1:30:38]} c5 {[%clk 1:27:04]}
6. c3 {[%clk 1:30:45]} d6 {[%clk 1:11:56]} 7. O-O {[%clk 1:30:11]} Be7
{[%clk 1:12:20]} 8. Nbd2 {[%clk 1:24:14]} Qc7 {[%clk 1:10:33]} 9. Re1
{[%clk 1:19:15]} e5 {[%clk 1:10:29]} 10. Nf1 {[%clk 1:17:01]} Nbd7
{[%clk 1:07:58]} 11. Ng3 {[%clk 1:15:44]} g6 {[%clk 1:08:10]} 12. Bc4
{[%clk 1:11:31]} h6 {[%clk 1:04:43]} 13. Ba6 {[%clk 1:03:25]} Kf8
{[%clk 1:02:47]} 14. Bxb7 {[%clk 1:03:41]} Qxb7 {[%clk 1:03:13]} 15. d5
{[%clk 1:03:26]} Kg7 {[%clk 1:02:33]} 16. c4 {[%clk 1:03:42]} a6 {[%clk 1:02:13]}
17. h4 {[%clk 1:02:56]} b5 {[%clk 1:02:11]} 18. b3 {[%clk 1:02:57]} Rhb8
{[%clk 0:59:17]} 19. h5 {[%clk 1:02:36]} a5 {[%clk 0:58:59]} 20. Nh4
{[%clk 1:01:46]} Bf8 {[%clk 0:53:59]} 21. hxg6 {[%clk 0:46:35]} fxg6
{[%clk 0:52:54]} 22. Qd2 {[%clk 0:46:17]} Kh7 {[%clk 0:53:09]} 23. Ngf5
{[%clk 0:46:03]} gxf5 {[%clk 0:52:49]} 24. Nxf5 {[%clk 0:46:28]} bxc4
{[%clk 0:52:45]} 25. Re3 {[%clk 0:45:35]} Qb4 {[%clk 0:46:20]} 26. Qe2
{[%clk 0:46:04]} cxb3 {[%clk 0:46:05]} 27. Rxb3 {[%clk 0:45:53]} 0-1

[Event "World Chess Olympiad 2018"]
[Site "Batumi"]
[Date "2018.09.27"]
[Round "4"]
[Board "1"]
[WhiteFideId "1018000"]
[White "Blijstra Wim"]
[BlackFideId "8200084"]
[Black "Matoewi Roger"]
[Result "1/2-1/2"]
[LiveChessVersion "1.4.8"]
[BlackElo "2067"]
[WhiteElo "2211"]

1. d4 {[%clk 1:30:56]} e6 {[%clk 1:30:17]} 2. Nf3 {[%clk 1:27:20]} f5
{[%clk 1:29:59]} 3. Bg5 {[%clk 1:25:02]} Be7 {[%clk 1:29:24]} 4. h4
{[%clk 1:25:20]} Nf6 {[%clk 1:29:41]} 5. h5 {[%clk 1:24:35]} Ne4 {[%clk 1:17:00]}
6. Bf4 {[%clk 1:21:58]} d6 {[%clk 1:15:20]} 7. e3 {[%clk 1:21:46]} Nd7
{[%clk 1:14:31]} 8. Nbd2 {[%clk 1:15:51]} Ndf6 {[%clk 1:07:55]} 9. Bd3
{[%clk 1:16:04]} a5 {[%clk 1:00:38]} 10. Qe2 {[%clk 1:14:25]} Bd7
{[%clk 0:58:52]} 11. O-O-O {[%clk 1:13:23]} Qb8 {[%clk 0:57:57]} 12. Nh4
{[%clk 1:02:10]} Nxd2 {[%clk 0:53:10]} 13. Rxd2 {[%clk 1:01:06]} Qa7
{[%clk 0:53:27]} 14. Nf3 {[%clk 0:51:39]} Nd5 {[%clk 0:49:07]} 15. Bg5
{[%clk 0:48:00]} Bxg5 {[%clk 0:48:20]} 16. Nxg5 {[%clk 0:48:27]} h6
{[%clk 0:48:15]} 17. Nh3 {[%clk 0:46:32]} Nb4 {[%clk 0:46:58]} 18. Kb1
{[%clk 0:44:49]} Nxd3 {[%clk 0:47:00]} 19. Qxd3 {[%clk 0:45:12]} O-O-O
{[%clk 0:45:56]} 20. Nf4 {[%clk 0:38:31]} Rhe8 {[%clk 0:36:43]} 21. Rhd1
{[%clk 0:38:31]} Kb8 {[%clk 0:32:06]} 22. Ng6 {[%clk 0:37:11]} Bc6
{[%clk 0:31:22]} 23. f3 {[%clk 0:37:24]} Qb6 {[%clk 0:31:36]} 24. e4
{[%clk 0:32:13]} Bd7 {[%clk 0:26:38]} 25. g4 {[%clk 0:24:28]} fxg4
{[%clk 0:22:11]} 26. fxg4 {[%clk 0:24:56]} e5 {[%clk 0:21:40]} 27. Qf3
{[%clk 0:25:22]} exd4 {[%clk 0:13:52]} 28. Rxd4 {[%clk 0:25:31]} Qc6
{[%clk 0:13:45]} 29. Qf4 {[%clk 0:23:31]} Qb5 {[%clk 0:08:03]} 30. b3
{[%clk 0:21:46]} Qe2 {[%clk 0:05:42]} 31. e5 {[%clk 0:12:32]} dxe5
{[%clk 0:05:32]} 32. Nxe5 {[%clk 0:12:59]} Qxe5 {[%clk 0:05:37]} 33. Qxe5
{[%clk 0:12:53]} Rxe5 {[%clk 0:06:01]} 34. Rxd7 {[%clk 0:13:15]} Rxd7
{[%clk 0:05:54]} 35. Rxd7 1/2-1/2

[Event "World Chess Olympiad 2018"]
[Site "Batumi"]
[Date "2018.09.27"]
[Round "4"]
[Board "2"]
[WhiteFideId "8200165"]
[White "Giasi Viresh"]
[BlackFideId "7501013"]
[Black "Bemmelen van Ursus"]
[Result "1/2-1/2"]
[LiveChessVersion "1.4.8"]
[BlackElo "2152"]
[WhiteElo "2024"]

1. e4 {[%clk 1:30:12]} c5 {[%clk 1:30:50]} 2. Nf3 {[%clk 1:30:32]} Nc6
{[%clk 1:31:07]} 3. c3 {[%clk 1:30:52]} Nf6 {[%clk 1:30:59]} 4. d3
{[%clk 1:31:00]} g6 {[%clk 1:26:22]} 5. Be2 {[%clk 1:28:01]} Bg7 {[%clk 1:26:15]}
6. O-O {[%clk 1:24:22]} O-O {[%clk 1:26:29]} 7. e5 {[%clk 1:22:30]} Nd5
{[%clk 1:23:46]} 8. d4 {[%clk 1:15:54]} cxd4 {[%clk 1:22:29]} 9. cxd4
{[%clk 1:16:21]} d6 {[%clk 1:22:38]} 10. exd6 {[%clk 1:15:10]} Qxd6
{[%clk 1:22:56]} 11. Nc3 {[%clk 1:06:44]} Rd8 {[%clk 1:10:48]} 12. h3
{[%clk 0:36:26]} h6 {[%clk 0:47:38]} 13. Be3 {[%clk 0:23:17]} Nxe3
{[%clk 0:28:10]} 14. fxe3 {[%clk 0:23:45]} b6 {[%clk 0:21:16]} 15. Bc4
{[%clk 0:19:16]} e6 {[%clk 0:20:53]} 16. Qe2 {[%clk 0:17:12]} Na5
{[%clk 0:19:32]} 17. Bd3 {[%clk 0:15:07]} Bb7 {[%clk 0:19:50]} 18. Nb5
{[%clk 0:11:27]} Qd7 {[%clk 0:12:09]} 19. Rac1 {[%clk 0:11:00]} Nc6
{[%clk 0:12:26]} 20. Be4 {[%clk 0:10:23]} a6 {[%clk 0:11:53]} 21. Nc3
{[%clk 0:10:22]} Ne7 {[%clk 0:10:44]} 22. Qf2 {[%clk 0:09:36]} f5
{[%clk 0:08:27]} 23. Bc2 {[%clk 0:07:36]} Rac8 {[%clk 0:06:03]} 24. Bb3
{[%clk 0:07:58]} Nd5 {[%clk 0:05:43]} 25. Na4 {[%clk 0:03:08]} Qd6
{[%clk 0:05:44]} 26. Nc3 {[%clk 0:02:00]} b5 {[%clk 0:05:18]} 27. Nxd5
{[%clk 0:01:12]} Bxd5 {[%clk 0:05:45]} 28. Nd2 {[%clk 0:01:28]} e5
{[%clk 0:04:58]} 29. dxe5 {[%clk 0:00:56]} Qxe5 {[%clk 0:04:44]} 30. Rxc8
{[%clk 0:01:11]} Rxc8 {[%clk 0:05:09]} 31. Nf3 {[%clk 0:01:33]} Qe6
{[%clk 0:05:25]} 32. Nd4 {[%clk 0:00:50]} Bxd4 {[%clk 0:05:22]} 33. exd4
{[%clk 0:01:19]} Bxb3 {[%clk 0:05:23]} 34. axb3 {[%clk 0:01:48]} Qxb3
{[%clk 0:05:37]} 35. Qe2 {[%clk 0:01:59]} Qd5 {[%clk 0:05:12]} 36. Qe3
{[%clk 0:02:09]} g5 {[%clk 0:01:36]} 37. Re1 {[%clk 0:02:17]} Rd8
{[%clk 0:01:01]} 38. Kh1 {[%clk 0:02:32]} Qd6 {[%clk 0:00:33]} 39. d5
{[%clk 0:01:02]} Qxd5 {[%clk 0:00:36]} 40. Qb6 {[%clk 0:31:17]} Qd6
{[%clk 0:30:33]} 41. Qb7 {[%clk 0:31:33]} Qf6 {[%clk 0:27:46]} 42. Qc7
{[%clk 0:30:14]} f4 {[%clk 0:26:12]} 43. Qb7 {[%clk 0:28:46]} Rf8
{[%clk 0:22:24]} 44. Qd5+ {[%clk 0:26:05]} Kg7 {[%clk 0:19:57]} 45. Re6
{[%clk 0:26:28]} Qxb2 {[%clk 0:15:15]} 46. Re7+ {[%clk 0:26:57]} Kh8
{[%clk 0:15:30]} 47. Qd6 {[%clk 0:27:11]} Qf6 {[%clk 0:07:54]} 48. Re6
{[%clk 0:27:38]} Qf5 {[%clk 0:06:28]} 49. Re5 {[%clk 0:19:47]} 1/2-1/2

[Event "World Chess Olympiad 2018"]
[Site "Batumi"]
[Date "2018.09.27"]
[Round "4"]
[Board "3"]
[WhiteFideId "7501005"]
[White "Capella Rurik"]
[BlackFideId "8200211"]
[Black "Sanches Casanova Romario"]
[Result "1/2-1/2"]
[LiveChessVersion "1.4.8"]
[BlackElo "2029"]
[WhiteElo "1979"]

1. d4 {[%clk 1:30:56]} c5 {[%clk 1:30:16]} 2. d5 {[%clk 1:31:04]} e5
{[%clk 1:30:26]} 3. e4 {[%clk 1:30:48]} d6 {[%clk 1:30:53]} 4. f4
{[%clk 1:28:39]} Nf6 {[%clk 1:13:42]} 5. Nc3 {[%clk 1:28:14]} Bg4
{[%clk 1:13:11]} 6. Nf3 {[%clk 1:21:55]} Nbd7 {[%clk 1:12:08]} 7. h3
{[%clk 1:17:12]} Bxf3 {[%clk 1:11:52]} 8. Qxf3 {[%clk 1:17:40]} Be7
{[%clk 1:09:35]} 9. Bd2 {[%clk 1:13:39]} a6 {[%clk 1:08:56]} 10. a4
{[%clk 1:13:42]} O-O {[%clk 1:06:14]} 11. f5 {[%clk 1:12:34]} Ne8
{[%clk 1:05:19]} 12. Qg4 {[%clk 1:06:03]} Ndf6 {[%clk 1:03:46]} 13. Qf3
{[%clk 1:06:09]} Nd7 {[%clk 1:03:32]} 14. Qg4 {[%clk 1:04:59]} Ndf6
{[%clk 1:01:06]} 15. Qf3 {[%clk 1:05:05]} Nd7 {[%clk 0:59:13]} 16. Qg4
{[%clk 0:53:46]} Ndf6 {[%clk 0:47:29]} 17. Qf3 {[%clk 0:53:24]} Nd7 1/2-1/2